| 000 | 004770000a22001930004500 | ||
|---|---|---|---|
| 001 | 004178 | ||
| 003 | MACL | ||
| 005 | 20150915155750.0 | ||
| 008 | 150915b xxu||||| |||| 00| 0 eng d | ||
| 040 |
_aMACL _cMACL |
||
| 041 | _aEnglish | ||
| 082 | _a823/KAM | ||
| 100 |
_aChandrashekhar, Laxmi _911262 |
||
| 245 |
_aSingarevva And The Palace _cLaxmi Chandrashekhar |
||
| 260 |
_aNew Delhi _c2002 _bKatha, |
||
| 350 | _a250 | ||
| 650 |
_aFiction _911263 |
||
| 942 |
_k823 _cBK _2ddc |
||
| 999 |
_c16069 _d16069 |
||